<?xml version="1.0" encoding="UTF-8"?>
<collection xmlns="http://www.loc.gov/MARC21/slim">
 <record>
  <leader>10155nam a2200577 a 4500</leader>
  <controlfield tag="001">kal378</controlfield>
  <controlfield tag="003">Gr-AtHEAL</controlfield>
  <controlfield tag="005">20160426114854.0</controlfield>
  <controlfield tag="006">m        d        </controlfield>
  <controlfield tag="008">160413s2015    gr      s           gre|c</controlfield>
  <datafield tag="020" ind1=" " ind2=" ">
   <subfield code="a">9789606030253</subfield>
  </datafield>
  <datafield tag="040" ind1=" " ind2=" ">
   <subfield code="a">GR-AtHEAL</subfield>
   <subfield code="b">gre</subfield>
   <subfield code="c">GR-AtHEAL</subfield>
  </datafield>
  <datafield tag="082" ind1="0" ind2="4">
   <subfield code="a">303.48</subfield>
   <subfield code="2">23</subfield>
  </datafield>
  <datafield tag="100" ind1="1" ind2=" ">
   <subfield code="a">Παρασκευάς,Μιχαήλ.</subfield>
   <subfield code="8">1984</subfield>
  </datafield>
  <datafield tag="245" ind1="1" ind2="0">
   <subfield code="a">Κοινωνία της πληροφορίας</subfield>
   <subfield code="h">[Ηλεκτρονικός πόρος] </subfield>
   <subfield code="b">Υποδομές, υπηρεσίες και επιπτώσεις</subfield>
   <subfield code="c">Παρασκευάς,Μιχαήλ ; Ασημακόπουλος, Γεώργιος ; Τριανταφύλλου, Βασίλειος ; Κριτικός αναγνώστης,Συρμακέσης, Σπύρος ; Γραφιστική επιμέλεια,Στασινού, Σταυρούλα ; Τεχνική επιμέλεια,Τσεμπερλίδου, Μελπομένη ; Γλωσσική επιμέλεια,Ξιφαρά, Φωτεινή.</subfield>
  </datafield>
  <datafield tag="260" ind1=" " ind2=" ">
   <subfield code="a">Αθήνα :</subfield>
   <subfield code="b">Σύνδεσμος Ελληνικών Ακαδημαϊκών Βιβλιοθηκών,</subfield>
   <subfield code="c">c2015.</subfield>
  </datafield>
  <datafield tag="490" ind1=" " ind2=" ">
   <subfield code="a">Ακαδημαϊκά Ηλεκτρονικά Συγγράμματα και Βοηθήματα Κάλλιπος</subfield>
   <subfield code="8">40</subfield>
  </datafield>
  <datafield tag="505" ind1="0" ind2=" ">
   <subfield code="a">Πληροφορική: Η επιστήμη των Η/ΥΤα συστατικά ενός Η/ΥΤα λειτουργικά συστήματαΜια αρχική αποτίμηση των επιπτώσεωνΗ έννοια και το περιεχόμενο της ΚτΠΚατηγορίες λογισμικούΤεχνολογία λογισμικούΜοντέλα αδειοδότησης λογισμικούΤο ΕΛ/ΛΑΚ Η έννοια και η ιστορική εξέλιξη των τηλεπικοινωνιώνΗ ευρυζωνική πρόσβασηΗ απελευθέρωση των τηλεπικοινωνιώνΗ αδεσμοποίητη πρόσβαση στον τοπικό βρόχοΕνσύρματες και ασύρματες τεχνολογίες ευρυζωνικής πρόσβασηςΔιείσδυση ευρυζωνικής πρόσβασηςΗ τεχνολογική εξέλιξη του διαδικτύουΗ στοίβα πρωτοκόλλων TCP/IPΚατηγορίες υπηρεσιών διαδικτύουΗ ονοματαδοσία στο διαδίκτυοΓλώσσες διαδικτυακού προγραμματισμούΟ συμμετοχικός ιστόςΟ σημασιολογικός ιστόςΕικονικοποίηση υποδομώνΥπηρεσίες υπολογιστικού νέφουςΤο Ίντερνετ των ΠραγμάτωνΗ διακυβέρνηση του διαδικτύουΑσφάλεια ανθρώπων, δικτύων και πληροφοριακών συστημάτωνΕπιβουλές κατά της δικτυακής ασφάλειαςΘεσμικό πλαίσιο ασφάλειας ηλεκτρονικών επικοινωνιώνΤο ζήτημα της εμπιστοσύνης στο διαδίκτυοΨηφιακό χάσμα και πληροφοριακός αλφαβητισμόςΗ ηλεκτρονική μάθησηΤο τεχνολογικό υπόβαθρο της ηλεκτρονικής μάθησηςΤα Μαζικά Ανοικτά Online ΜαθήματαΥπηρεσίες συμμετοχικού ιστού στην εκπαίδευσηΕκπαιδευτικά δίκτυαΗ διεθνής αγορά της ηλεκτρονικής μάθησηςΑνάπτυξη των ΤΠΕ στην εκπαίδευσηΗ ηλεκτρονική διακυβέρνηση (Η/Δ)Διαλειτουργικότητα και ανοιχτά δεδομένα στην Η/ΔΠληροφοριακές υποδομές του δημόσιου τομέαΚυβερνητικές ηλεκτρονικές υπηρεσίεςΗλεκτρονική δημοκρατίαΣυμμετοχική δημοκρατίαΗλεκτρονική ψηφοφορίαΔημόσια διαβούλευσηΗ έννοια της Νέας ΟικονομίαςΤο ηλεκτρονικό εμπόριοΟ ρόλος των υποδομών ΤΠΕ στο ηλεκτρονικό επιχειρείνΕφαρμογές ηλεκτρονικού εμπορίουΤεχνολογίες αυτόματης αναγνώρισης προϊόντωνΟι έξυπνες κάρτεςΣυστήματα ευφυών μεταφορώνΣυστήματα ενοποιημένων επικοινωνιώνΗ πολιτική Bring Your Own DeviceΥπηρεσίες ηλεκτρονικής τραπεζικήςΗ διαφήμιση στην εποχή του διαδικτύουΗ ευρωπαϊκή στρατηγική ανάπτυξης «Ευρώπη 2020»&lt;br/&gt;Δομή του ΕΠ «Ψηφιακή Σύγκλιση»</subfield>
  </datafield>
  <datafield tag="520" ind1=" " ind2=" ">
   <subfield code="a">Το ηλεκτρονικό σύγγραμμα έχει τίτλο &quot;Κοινωνία της Πληροφορίας&quot; και υπότιτλο &quot;Υποδομές, Υπηρεσίες και Επιπτώσεις&quot;. Διαπραγματεύεται το τεχνολογικό, οργανωτικό και ρυθμιστικό πλαίσιο εφαρμογής των ΤΠΕ σε όλο το εύρος εφαρμογής τους στη σύγχρονη κοινωνία. Απευθύνεται σε προπτυχιακούς φοιτητές Τμημάτων που θεραπεύουν την Πληροφορική (Πανεπιστημίων ή/και ΤΕΙ) αλλά και σε φοιτητές μεταπτυχιακών προγραμμάτων σπουδών που σχετίζονται με τις ΤΠΕ. Μπορεί επίσης να χρησιμοποιηθεί για αυτοεκπαίδευση καθώς είναι γραμμένο με τρόπο που δεν προϋποθέτει την ύπαρξη ειδικών τεχνικών γνώσεων από την πλευρά του αναγνώστη. Τα κεφάλαια του βιβλίου έχουν σχετική αυτοτέλεια και ανεξαρτησία μεταξύ τους, με αποτέλεσμα ο διδάσκων να μπορεί να επιλέξει μεμονωμένα κεφάλαια στην διδασκαλία του για να καλύψει ή να εμβαθύνει σε ειδικά θέματα. Τα θέματα (κεφάλαια) που διαπραγματεύονται είναι:1. Η έννοια και το περιεχόμενο της Κοινωνίας της Πληροφορίας2. Το λογισμικό και ο ρόλος του στην Κοινωνία της Πληροφορίας3. Ο ρόλος των τηλεπικοινωνιακών υποδομών στην Κοινωνία της Πληροφορίας4. Το διαδίκτυο και οι υπηρεσίες του5. Το περιεχόμενο, η ασφάλεια και η εμπιστοσύνη στο διαδίκτυο6. Η εκπαίδευση στην Κοινωνία της Πληροφορίας7. Η δημόσια διοίκηση στην Κοινωνία της Πληροφορίας8. Η δημοκρατία στην Κοινωνία της Πληροφορίας9. Η οικονομία στην Κοινωνία της Πληροφορίας10. Ειδικά θέματα εφαρμογών της Κοινωνίας της Πληροφορίας11. Δράσεις του ελληνικού κράτους για την Κοινωνία της Πληροφορίας</subfield>
  </datafield>
  <datafield tag="650" ind1=" " ind2="0">
   <subfield code="a">Information society</subfield>
   <subfield code="8">2534</subfield>
  </datafield>
  <datafield tag="650" ind1=" " ind2="0">
   <subfield code="a">Information technology</subfield>
   <subfield code="x">Social aspects</subfield>
   <subfield code="8">2535</subfield>
  </datafield>
  <datafield tag="653" ind1=" " ind2=" ">
   <subfield code="a">Ηλεκτρονική διαβούλευση</subfield>
  </datafield>
  <datafield tag="653" ind1=" " ind2=" ">
   <subfield code="a">Ηλεκτρονική δημοκρατία</subfield>
  </datafield>
  <datafield tag="653" ind1=" " ind2=" ">
   <subfield code="a">Διαλειτουργικότητα</subfield>
  </datafield>
  <datafield tag="653" ind1=" " ind2=" ">
   <subfield code="a">Δίκτυα υπολογιστών</subfield>
  </datafield>
  <datafield tag="653" ind1=" " ind2=" ">
   <subfield code="a">Αρχιτεκτονική υπολογιστών</subfield>
  </datafield>
  <datafield tag="653" ind1=" " ind2=" ">
   <subfield code="a">Λειτουργικά συστήματα</subfield>
  </datafield>
  <datafield tag="653" ind1=" " ind2=" ">
   <subfield code="a">Ανοικτά συνδεδεμένα δεδομένα</subfield>
  </datafield>
  <datafield tag="653" ind1=" " ind2=" ">
   <subfield code="a">Ηλεκτρονική υγεία</subfield>
  </datafield>
  <datafield tag="653" ind1=" " ind2=" ">
   <subfield code="a">Ηλεκτρονικό επιχειρείν</subfield>
  </datafield>
  <datafield tag="653" ind1=" " ind2=" ">
   <subfield code="a">Νέα οικονομία</subfield>
  </datafield>
  <datafield tag="653" ind1=" " ind2=" ">
   <subfield code="a">Ανοικτά δεδομένα</subfield>
  </datafield>
  <datafield tag="653" ind1=" " ind2=" ">
   <subfield code="a">Ανοικτό λογισμικό</subfield>
  </datafield>
  <datafield tag="653" ind1=" " ind2=" ">
   <subfield code="a">Ευρυζωνικότητα</subfield>
  </datafield>
  <datafield tag="653" ind1=" " ind2=" ">
   <subfield code="a">Ηλεκτρονική διακυβέρνηση</subfield>
  </datafield>
  <datafield tag="653" ind1=" " ind2=" ">
   <subfield code="a">Ηλεκτρονική μάθηση</subfield>
  </datafield>
  <datafield tag="653" ind1=" " ind2=" ">
   <subfield code="a">Διαδίκτυο</subfield>
  </datafield>
  <datafield tag="653" ind1=" " ind2=" ">
   <subfield code="a">Κοινωνία της πληροφορίας</subfield>
  </datafield>
  <datafield tag="653" ind1=" " ind2=" ">
   <subfield code="a">Τεχνολογία και επιστήμες μηχανικών</subfield>
   <subfield code="a">Μηχανική και τεχνολογία τηλεπικοινωνιών</subfield>
   <subfield code="a">Τεχνολογίες παγκόσμιου ιστού</subfield>
  </datafield>
  <datafield tag="653" ind1=" " ind2=" ">
   <subfield code="a">Τεχνολογία και επιστήμες μηχανικών</subfield>
   <subfield code="a">Μηχανική και τεχνολογία τηλεπικοινωνιών</subfield>
   <subfield code="a">Δίκτυα ευρείας ζώνης</subfield>
  </datafield>
  <datafield tag="653" ind1=" " ind2=" ">
   <subfield code="a">Επιστήμη υπολογιστών/πληροφορική</subfield>
   <subfield code="a">Αρχές ανάπτυξης λογισμικού</subfield>
  </datafield>
  <datafield tag="653" ind1=" " ind2=" ">
   <subfield code="a">Επιστήμη υπολογιστών/πληροφορική</subfield>
   <subfield code="a">Αρχιτεκτονική και οργάνωση</subfield>
  </datafield>
  <datafield tag="653" ind1=" " ind2=" ">
   <subfield code="a">Τεχνολογία και επιστήμες μηχανικών</subfield>
   <subfield code="a">Μηχανική και τεχνολογία τηλεπικοινωνιών</subfield>
   <subfield code="a">Διαδίκτυο και εφαρμογές</subfield>
  </datafield>
  <datafield tag="700" ind1="1" ind2=" ">
   <subfield code="a">Τριανταφύλλου, Βασίλειος</subfield>
   <subfield code="e">Συγγραφέας</subfield>
   <subfield code="8">1985</subfield>
  </datafield>
  <datafield tag="700" ind1="1" ind2=" ">
   <subfield code="a">Ασημακόπουλος, Γεώργιος</subfield>
   <subfield code="e">Συγγραφέας</subfield>
   <subfield code="8">1986</subfield>
  </datafield>
  <datafield tag="700" ind1="1" ind2=" ">
   <subfield code="a">Συρμακέσης, Σπύρος</subfield>
   <subfield code="e">Κριτικός αναγνώστης</subfield>
   <subfield code="8">1987</subfield>
  </datafield>
  <datafield tag="856" ind1="4" ind2="0">
   <subfield code="u">http://hdl.handle.net/11419/378</subfield>
   <subfield code="z">Πλήρες Κείμενο - Full text</subfield>
  </datafield>
  <datafield tag="907" ind1=" " ind2=" ">
   <subfield code="a">.b25677895</subfield>
   <subfield code="b">12-06-18</subfield>
   <subfield code="c">29-07-16</subfield>
  </datafield>
  <datafield tag="949" ind1=" " ind2=" ">
   <subfield code="0">0</subfield>
   <subfield code="1">0</subfield>
   <subfield code="2">ddc</subfield>
   <subfield code="4">0</subfield>
   <subfield code="6">303_480000000000000_ΠΑΡ</subfield>
   <subfield code="7">0</subfield>
   <subfield code="8">KALL</subfield>
   <subfield code="8">547</subfield>
   <subfield code="d">2016-04-13</subfield>
   <subfield code="r">2016-04-13</subfield>
   <subfield code="w">2016-04-13</subfield>
   <subfield code="z">303.48 ΠΑΡ</subfield>
   <subfield code="o">SEAB KALLIPOS</subfield>
  </datafield>
  <datafield tag="998" ind1=" " ind2=" ">
   <subfield code="a">80</subfield>
   <subfield code="a">01</subfield>
   <subfield code="a">02</subfield>
   <subfield code="a">03</subfield>
   <subfield code="a">04</subfield>
   <subfield code="a">05</subfield>
   <subfield code="a">06</subfield>
   <subfield code="a">07</subfield>
   <subfield code="a">08</subfield>
   <subfield code="a">09</subfield>
   <subfield code="a">10</subfield>
   <subfield code="a">11</subfield>
   <subfield code="a">12</subfield>
   <subfield code="a">13</subfield>
   <subfield code="a">14</subfield>
   <subfield code="a">15</subfield>
   <subfield code="a">16</subfield>
   <subfield code="a">17</subfield>
   <subfield code="a">18</subfield>
   <subfield code="a">19</subfield>
   <subfield code="a">20</subfield>
   <subfield code="a">21</subfield>
   <subfield code="a">22</subfield>
   <subfield code="a">23</subfield>
   <subfield code="a">24</subfield>
   <subfield code="a">25</subfield>
   <subfield code="a">26</subfield>
   <subfield code="b">11-05-17</subfield>
   <subfield code="c">m</subfield>
   <subfield code="d">z  </subfield>
   <subfield code="e">-</subfield>
   <subfield code="f">gre</subfield>
   <subfield code="g">gr </subfield>
   <subfield code="h">0</subfield>
  </datafield>
  <datafield tag="942" ind1=" " ind2=" ">
   <subfield code="2">ddc</subfield>
   <subfield code="c">KALLIPOS</subfield>
  </datafield>
 </record>
</collection>
